Local development and planning in the 21st century

Bibliographic Details
Other Authors: Hee, Soo Chung, Soo, Young Park
Format: Book
Language:English
Published: Korea : Eastern Regional Organization for Planning and Housing Korea Charter , 2001
Subjects:

MARC

LEADER 00000cam a2200000 7i4500
001 0000026915
005 20160926.0
008 160905 ko eng
020 |a 8987987302 
040 |a INS 
090 0 0 |a HT166   |b L63 2001 
245 1 0 |a Local development and planning in the 21st century   |c edited by Hee Soo Chung and Soo Young Park 
260 |a Korea :   |b Eastern Regional Organization for Planning and Housing Korea Charter ,   |c 2001 
300 |a xvi, 832p., illc25cm 
500 |a Including indexs 
650 0 |a City planning 
650 0 |a Housing development 
700 1 |a Hee, Soo Chung 
700 1 |a Soo, Young Park 
999 |a 0000022058   |b BOOK   |c Open Shelf   |e Default branch